000 00462nam a22001577a 4500
082 _a621.12
_bAIN
100 _aAin, Qurat ul (450594)
_9132369
245 _aPreparation of SiC based Materials for Partial Discharge Testing /
264 _aIslamabad :
_bUSPCAS-E, NUST
_cNovember, 2025
300 _axvii, 67 p.
_e+CD
520 _aTH-698
650 _aMS ESE Thesis
650 _aMS Thesis
_918721
700 _aSupervisor: Dr. Ghulam Ali
942 _2ddc
_cTHE
999 _c615580
_d615580